[Event "Barcelona Sant Marti op-B 20th"]
[Site "Barcelona"]
[Date "2018.07.15"]
[Round "3"]
[White "Morales Rubiella, Albert"]
[Black "Lahoz Bonaventura, Jordi"]
[Result "1/2-1/2"]
[WhiteElo "1396"]
[BlackElo "1597"]
[PlyCount "41"]
[EventDate "2018.07.13"]
[EventType "swiss"]
[EventRounds "9"]
[EventCountry "ESP"]
[SourceTitle "EXT 2019"]
[Source "ChessBase"]
[SourceDate "2018.10.10"]
[SourceVersion "1"]
[SourceVersionDate "2018.10.10"]
[SourceQuality "1"]

1. e4 c5 2. Nf3 g6 3. d4 cxd4 4. Nxd4 Nc6 5. Be3 Bg7 6. Be2 Nf6 7. Nc3 0-0 8. 0-0 d5 9. exd5 Nxd5 10. Nxd5 Qxd5 11. Nxc6 Qxc6 12. c3 Be6 13. Bf3 Qb5 14. Qc2 Bf5 15. Be2 Bxc2 16. Bxb5 Rfd8 17. Rac1 Be4 18. Rfd1 a6 19. Rxd8+ Rxd8 20. Be2 h6 21. Rd1 1/2-1/2

[Event "Sant Adria de Besos op 13th"]
[Site "Sant Adria de Besos"]
[Date "2017.04.23"]
[Round "1"]
[White "Rivas Peix, Raul"]
[Black "Lahoz Bonaventura, Jordi"]
[Result "1-0"]
[WhiteElo "2030"]
[BlackElo "1768"]
[PlyCount "45"]
[EventDate "2017.04.23"]
[EventType "swiss"]
[EventRounds "9"]
[EventCountry "ESP"]
[SourceTitle "EXT 2018"]
[Source "ChessBase"]
[SourceDate "2017.10.13"]
[SourceVersion "1"]
[SourceVersionDate "2017.10.13"]
[SourceQuality "1"]

1. e4 c5 2. d4 cxd4 3. c3 dxc3 4. Nxc3 Nc6 5. Bc4 Nf6 6. Nf3 d6 7. e5 dxe5 8. Qxd8+ Nxd8 9. Nxe5 e6 10. Bb5+ Nd7 11. Bf4 a6 12. Bxd7+ Bxd7 13. Nxd7 Kxd7 14. 0-0 Bc5 15. Ne4 b6 16. Rfd1+ Ke7 17. Nxc5 bxc5 18. Bd6+ Ke8 19. Bxc5 Nb7 20. Bb6 Ke7 21. Rd2 Nd6 22. Bc5 Rhd8 23. Rad1 1-0

[Event "Badalona op-C 41st"]
[Site "Badalona"]
[Date "2015.08.03"]
[Round "2.10"]
[White "Lahoz Bonaventura, Jordi"]
[Black "Cervera Lopez, Miguel"]
[Result "0-1"]
[WhiteElo "1723"]
[BlackElo "1851"]
[PlyCount "68"]
[EventDate "2015.08.02"]
[EventType "swiss"]
[EventRounds "9"]
[EventCountry "ESP"]
[SourceTitle "EXT 2024"]
[Source "ChessBase"]
[SourceDate "2023.10.10"]
[SourceVersion "1"]
[SourceVersionDate "2023.10.10"]
[SourceQuality "1"]

1. e4 c5 2. Nf3 Nc6 3. d4 cxd4 4. Nxd4 a6 5. Nc3 e6 6. Bc4 Bc5 7. Be3 Qb6 8. Nce2 Ne5 9. Bb3 Ng4 10. Qd2 Nxe3 11. Qxe3 Nf6 12. e5 Nd5 13. Qd2 0-0 14. 0-0 f6 15. f4 a5 16. c4 Nb4 17. Kh1 a4 18. a3 axb3 19. axb4 Rxa1 20. Rxa1 Bxb4 21. Qd3 fxe5 22. fxe5 Bc5 23. Nxb3 Qc7 24. Nxc5 Qxc5 25. Qd4 Qc6 26. Kg1 b6 27. Rf1 Rxf1+ 28. Kxf1 Bb7 29. Qg4 h6 30. b3 Qc5 31. Qf4 b5 32. cxb5 Qxb5 33. b4 Qd5 34. Qf3 Qd1+ 0-1